Fundamentals of computational fluid dynamics / (Record no. 8634)
[ view plain ]
| 000 -LEADER | |
|---|---|
| fixed length control field | 01350cam a22003254a 4500 |
| 001 - CONTROL NUMBER | |
| control field | 12301590 |
| 003 - CONTROL NUMBER IDENTIFIER | |
| control field | OSt |
| 005 - DATE AND TIME OF LATEST TRANSACTION | |
| control field | 20240619095356.0 |
| 008 - FIXED-LENGTH DATA ELEMENTS--GENERAL INFORMATION | |
| fixed length control field | 010206s2001 gw a b 001 0 eng |
| 010 ## - LIBRARY OF CONGRESS CONTROL NUMBER | |
| LC control number | 2001020294 |
| 020 ## - INTERNATIONAL STANDARD BOOK NUMBER | |
| International Standard Book Number | 3540416072 (acidfree paper) |
| 040 ## - CATALOGING SOURCE | |
| Original cataloging agency | MUST LIB |
| Transcribing agency | MUST |
| Modifying agency | MUST |
| 042 ## - AUTHENTICATION CODE | |
| Authentication code | pcc |
| 050 00 - LIBRARY OF CONGRESS CALL NUMBER | |
| Classification number | QA911 |
| Item number | .L66 2001 |
| 082 00 - DEWEY DECIMAL CLASSIFICATION NUMBER | |
| Classification number | 531.11 |
| Edition number | 21 |
| Item number | LOM |
| 100 1# - MAIN ENTRY--PERSONAL NAME | |
| Personal name | Lomax, Harvard. |
| 9 (RLIN) | 17484 |
| 245 10 - TITLE STATEMENT | |
| Title | Fundamentals of computational fluid dynamics / |
| Statement of responsibility, etc. | H. Lomax, T.H. Pulliam, D.W. Zingg. |
| 260 ## - PUBLICATION, DISTRIBUTION, ETC. (IMPRINT) | |
| Place of publication, distribution, etc. | Berlin ; |
| -- | New York : |
| Name of publisher, distributor, etc. | Springer, |
| Date of publication, distribution, etc. | c2001. |
| 300 ## - PHYSICAL DESCRIPTION | |
| Extent | xiv, 249 p. : |
| Other physical details | ill. ; |
| Dimensions | 24 cm. |
| 440 #0 - SERIES STATEMENT/ADDED ENTRY--TITLE | |
| Title | Scientific computation, |
| International Standard Serial Number | 1434-8322 |
| 9 (RLIN) | 17286 |
| 500 ## - GENERAL NOTE | |
| General note | Includes index. |
| 650 #0 - SUBJECT ADDED ENTRY--TOPICAL TERM | |
| Topical term or geographic name as entry element | Computational fluid dynamics. |
| 9 (RLIN) | 13739 |
| 700 1# - ADDED ENTRY--PERSONAL NAME | |
| Personal name | Pulliam, T. H. |
| Fuller form of name | (Thomas H.), |
| Dates associated with a name | 1951- |
| 9 (RLIN) | 17485 |
| 700 1# - ADDED ENTRY--PERSONAL NAME | |
| Personal name | Zingg, D. W. |
| Fuller form of name | (David W.), |
| Dates associated with a name | 1958- |
| 9 (RLIN) | 17486 |
| 856 42 - ELECTRONIC LOCATION AND ACCESS | |
| Materials specified | Publisher description |
| Uniform Resource Identifier | http://www.loc.gov/catdir/enhancements/fy0816/2001020294-d.html |
| 856 41 - ELECTRONIC LOCATION AND ACCESS | |
| Materials specified | Table of contents only |
| Uniform Resource Identifier | http://www.loc.gov/catdir/enhancements/fy0816/2001020294-t.html |
| 906 ## - LOCAL DATA ELEMENT F, LDF (RLIN) | |
| a | 7 |
| b | cbc |
| c | orignew |
| d | 1 |
| e | ocip |
| f | 20 |
| g | y-gencatlg |
| 942 ## - ADDED ENTRY ELEMENTS (KOHA) | |
| Source of classification or shelving scheme | Dewey Decimal Classification |
| Koha item type | Open Shelf |
| Withdrawn status | Lost status | Source of classification or shelving scheme | Damaged status | Not for loan | Home library | Current library | Date acquired | Source of acquisition | Inventory number | Total Checkouts | Full call number | Barcode | Date last seen | Price effective from | Koha item type |
|---|---|---|---|---|---|---|---|---|---|---|---|---|---|---|---|
| Dewey Decimal Classification | MUST Main Library | MUST Main Library | 19/06/2024 | Purchase | 07/29214 | 531.11 LOM | 2024-20866 | 19/06/2024 | 19/06/2024 | Open Shelf |
